Länder am Pazifischen Ozean - Statistiken

Allgemein
  • Dieses Quiz wurde 23 mal gespielt
    14 seit der letzten Aktualisierung
  • Das Durchschnittsergebnis liegt bei 39 aus 41
Antwortstatistiken
Hinweis Land % Korrekt
Anrainerstaat Australien
100%
Anrainerstaat Chile
100%
Anrainerstaat China
100%
Inselstaat Fidschi
100%
Inselstaat Indonesien
100%
Inselstaat Japan
100%
Anrainerstaat Kanada
100%
Inselstaat Kiribati
100%
Anrainerstaat Mexiko
100%
Inselstaat Nauru
100%
Inselstaat Neuseeland
100%
Anrainerstaat Nicaragua
100%
Anrainerstaat Nordkorea
100%
Inselstaat Palau
100%
Anrainerstaat Panama
100%
Anrainerstaat Peru
100%
Anrainerstaat Russland
100%
Anrainerstaat Südkorea
100%
Anrainerstaat Vereinigte Staaten
100%
Anrainerstaat Vietnam
100%
Anrainerstaat Costa Rica
91%
Anrainerstaat Ecuador
91%
Anrainerstaat El Salvador
91%
Anrainerstaat Guatemala
91%
Anrainerstaat Honduras
91%
Anrainerstaat Kolumbien
91%
Anrainerstaat Malaysia
91%
Inselstaat Marshallinseln
91%
Inselstaat Mikronesien
91%
Inselstaat Papua-Neuguinea
91%
Inselstaat Philippinen
91%
Inselstaat Salomonen
91%
Inselstaat Samoa
91%
Anrainerstaat Thailand
91%
Inselstaat Tonga
91%
Inselstaat Tuvalu
91%
Inselstaat Vanuatu
91%
Anrainerstaat Kambodscha
82%
Inselstaat Osttimor
82%
Inselstaat Taiwan
82%
Französisch-Polynesien, Wallis und Futuna Frankreich
64%
Keine übereinstimmenden Quizze gefunden
Verteilung der Resultate
Anzahl Personen mit jedem Resultat
Perzentil nach korrekt beantworteten Fragen
Ihre Resultats-Entwicklung
Sie haben dieses Quiz seit der letzten Aktualisierung nicht gespielt